00989nam a2200241 i 450000100060000000300090000600500170001500700030003200800410003502000180007604000220009408000200011610000400013624502030017626000350037930000220041449000450043665000410048183000530052285200330057599900170060895201220062517208ES-MaACL20250901043508.0t|010122s1996 sp ||||0| spa j a84-8151-247-8 aM-BN bspa cM-BN a342.72/.73(460)1 aMartínez-Calcerrada, Luis.97790913aEl machismo en el derecho b: (sociología jurídica de la igualdad): sentencias 18-4-1995 y 6-7-1995 del Tribunal Supremo sobre sucesión de Títulos nobiliarios / cLuis Martínez-Calcerrada. aPeligros : bComares, c[1996] a282 p. ; c22 cm.1 aBiblioteca Comares de ciencia jurídica14aMujeres-xDerechos-zEspaña9152650 aBiblioteca Comares de ciencia jurídica9179318 aES-MaACLjL-24170 bR.129362 c17208d17208 00104070aATENEOMbATENEOMcDEPO2d2008-01-17eSCl0oL-24170p1017555r2023-02-23 00:00:00w2023-02-23yMONOGRAFIA